000 00298nam a2200109Ia 4500
008 220204s9999 xx 000 0 und d
082 _a556.51:65
_bKHA
245 0 _aWatershed management for sustainable agriculture
260 _aJodhpur
_bAgrobiosis(India)
_c2002
700 _aKhan, M A
942 _cBK
999 _c42089
_d42089